| 000 | 00604nam a2200193 a 4500 | ||
|---|---|---|---|
| 001 | 11020 | ||
| 003 | CO-ViMGA | ||
| 008 | 141112s2004 ck r 000 u spa d | ||
| 020 | _aMEVIGAMOV0791627 | ||
| 040 |
_aCO-ViMGA _bspa _cCO-ViMGA |
||
| 082 | 0 | 4 | _aR603 C65d |
| 100 | 1 |
_aCollazo, Javier L. _915205 |
|
| 245 | 1 | 0 | _aDiccionario Enciclopedico de Terminos Tecnicos Ingles - Español Español - Ingles |
| 260 |
_aMexico, _cMcGraw - Hill, _c1981 |
||
| 300 | _aV.1 V.2 V.3 | ||
| 650 | 1 | 4 |
_aCIENCIA - DICCIONARIOS INGLES _915206 |
| 650 | 1 | 4 |
_aTECNOLOGIA - DICCIONARIO INGLES ESPAÑOL _915207 |
| 942 |
_2ddc _cBK |
||
| 999 |
_c22236 _d22236 |
||